00997nam a22002535i 4500001000700000003000900007005001700016008004100033080001600074100002600090245009300116260005700209300002900266490005400295500001400349504003500363650004000398700003000438700003600468830006200504852003600566999001900602952012200621176257ES-MaACL20230906220030.0101228s1934 fr |||| | fre d a94(100)"15"1 aSée, Henri.917759213aLe XVIe siècle / cpar Henri Sée et Armand Rebillon ; avant-propos de S. Charléty. aParis : bPresses Universitaires de France, c[1934] aXXIII, 410 p. ; c20 cm.1 aClio, introduction aux études historiques ; v6 aÍndice. aBibliografía: p. XVII-XXIII. 4aHistoria universal-yS.XVI.91445521 aRebillon, Armand.91445501 aCharléty, Sébastien.9380841 aClio, introduction aux études historiques ; v69189992 aES-MaACLjE-13920 xOlim P-671 c176257d176257 00104070aATENEOMbATENEOMcDEPO2d2010-12-28eSCl0oE-13920p1185108r2023-02-23 00:00:00w2023-02-23yMONOGRAFIA